<?xml version="1.0" encoding="UTF-8"?><?xml-stylesheet type="text/xsl" href="static/style.xsl"?><OAI-PMH xmlns="http://www.openarchives.org/OAI/2.0/" xmlns:xsi="http://www.w3.org/2001/XMLSchema-instance" xsi:schemaLocation="http://www.openarchives.org/OAI/2.0/ http://www.openarchives.org/OAI/2.0/OAI-PMH.xsd"><responseDate>2026-06-29T02:43:45Z</responseDate><request verb="GetRecord" identifier="oai:docta.ucm.es:20.500.14352/120485" metadataPrefix="marc">https://docta.ucm.es/rest/oai/request</request><GetRecord><record><header><identifier>oai:docta.ucm.es:20.500.14352/120485</identifier><datestamp>2025-05-27T00:13:13Z</datestamp><setSpec>com_20.500.14352_14</setSpec><setSpec>col_20.500.14352_15</setSpec></header><metadata><record xmlns="http://www.loc.gov/MARC21/slim" xmlns:dcterms="http://purl.org/dc/terms/" xmlns:xsi="http://www.w3.org/2001/XMLSchema-instance" xmlns:doc="http://www.lyncode.com/xoai" xsi:schemaLocation="http://www.loc.gov/MARC21/slim http://www.loc.gov/standards/marcxml/schema/MARC21slim.xsd">
   <leader>00925njm 22002777a 4500</leader>
   <datafield ind2=" " ind1=" " tag="042">
      <subfield code="a">dc</subfield>
   </datafield>
   <datafield ind2=" " ind1=" " tag="720">
      <subfield code="a">San Antolín Gil, Marta</subfield>
      <subfield code="e">author</subfield>
   </datafield>
   <datafield ind2=" " ind1=" " tag="720">
      <subfield code="a">Ceballos Laita, Luis</subfield>
      <subfield code="e">author</subfield>
   </datafield>
   <datafield ind2=" " ind1=" " tag="720">
      <subfield code="a">Jiménez Del Barrio, Sandra</subfield>
      <subfield code="e">author</subfield>
   </datafield>
   <datafield ind2=" " ind1=" " tag="720">
      <subfield code="a">Calvo Lobo, César</subfield>
      <subfield code="e">author</subfield>
   </datafield>
   <datafield ind2=" " ind1=" " tag="720">
      <subfield code="a">Rodríguez Sanz, David</subfield>
      <subfield code="e">author</subfield>
   </datafield>
   <datafield ind2=" " ind1=" " tag="720">
      <subfield code="a">Llamas Ramos, Rocío</subfield>
      <subfield code="e">author</subfield>
   </datafield>
   <datafield ind2=" " ind1=" " tag="720">
      <subfield code="a">Llamas Ramos, Inés</subfield>
      <subfield code="e">author</subfield>
   </datafield>
   <datafield ind2=" " ind1=" " tag="720">
      <subfield code="a">García García, Daniel</subfield>
      <subfield code="e">author</subfield>
   </datafield>
   <datafield ind2=" " ind1=" " tag="260">
      <subfield code="c">2025-02-10</subfield>
   </datafield>
   <datafield ind2=" " ind1=" " tag="520">
      <subfield code="a">Background: Ankle sprain is the most common traumatic injury among handball players, which usually leads to the development of Chronic Ankle Instability (CAI). There is much evidence regarding the mechanical component about this condition; however, the psychological component has been little studied in previous research. The aim of this study was to compare anxiety, personality traits,  depression,  and  kinesiophobia  between  young  handball  players  with  and  without  CAI.  Methods:  Case-control  study.  A sample of 100 young handball players was recruited and divided into athletes with CAI (case group, n=50) and healthy athletes (control group, n=50). Main outcome measures were anxiety, personality traits, depression and kinesiophobia levels, which were assessed  by  self-reported  questionnaires  (State-Trait  Anxiety  Inventory,  Eysenck  Personality  Questionnaire,  Beck  Depression Inventory-II and Tampa Scale for Kinesiophobia-11). Results: Statistically significant differences were found between groups for anxiety, personality traits, depression and kinesiophobia. Case group showed higher levels of state anxiety (Δ-2.50; p&lt; .05), trait-anxiety (Δ-3.80; p&lt; .05), neuroticism (Δ-0.92; p&lt; .05), depression (Δ-4.10; p&lt;.05), and kinesiophobia (Δ6.82; p&lt; .05) compared to  the  control  group.  Conclusions:  Young  handball  players  with  CAI  present  significant  greater  levels  of  anxiety,  neuroticism, depression and kinesiophobia compared to healthy young handball players</subfield>
   </datafield>
   <datafield ind1="8" ind2=" " tag="024">
      <subfield code="a">San Antolín Gil, M., Ceballos Laita, L., Jiménez del Barrio, S., Calvo Lobo, C., Rodríguez Sanz, D., Llamas Ramos, R., García García, D., &amp; Llamas Ramos, I. (2025). Comparison of psychological factors between healthy athletes and those suffering from chronic ankle instability. Journal of Human Sport and Exercise: JHSE, 20(2), 533-546. https://doi.org/10.55860/5CRNEV67</subfield>
   </datafield>
   <datafield ind1="8" ind2=" " tag="024">
      <subfield code="a">1988-5202</subfield>
   </datafield>
   <datafield ind1="8" ind2=" " tag="024">
      <subfield code="a">10.55860/5crnev67</subfield>
   </datafield>
   <datafield ind1="8" ind2=" " tag="024">
      <subfield code="a">https://hdl.handle.net/20.500.14352/120485</subfield>
   </datafield>
   <datafield ind1="8" ind2=" " tag="024">
      <subfield code="a">https://doi.org/10.55860/5CRNEV67</subfield>
   </datafield>
   <datafield ind1="8" ind2=" " tag="024">
      <subfield code="a">https://www.jhse.es/index.php/jhse/article/view/psychological-factors-athletes-chronic-ankle-instability/105</subfield>
   </datafield>
   <datafield ind2="0" ind1="0" tag="245">
      <subfield code="a">Comparison of psychological factors between healthy athletes and those suffering from chronic ankle instability</subfield>
   </datafield>
</record></metadata></record></GetRecord></OAI-PMH>